Design of machine elements I(DME I) (Record no. 116018)

MARC details
000 -LEADER
fixed length control field 00251 a2200097 4500
020 ## - INTERNATIONAL STANDARD BOOK NUMBER
International Standard Book Number 9789386478115
100 ## - MAIN ENTRY--PERSONAL NAME
Personal name K. Raghavendra
245 ## - TITLE STATEMENT
Title Design of machine elements I(DME I)
260 ## - PUBLICATION, DISTRIBUTION, ETC. (IMPRINT)
Name of publisher, distributor, etc CBS publishers & distributors pvt. ltd.
Date of publication, distribution, etc 2020
942 ## - ADDED ENTRY ELEMENTS (KOHA)
Koha item type On order/under processing
Holdings
Withdrawn status Lost status Damaged status Not for loan Home library Current library Date acquired Source of acquisition Cost, normal purchase price Total Checkouts Barcode Date last seen Cost, replacement price Price effective from Koha item type
        University Library University Library 18/03/2026 146 540.00   00098092 18/03/2026 675.00 18/03/2026 On order/under processing
University Library, CUSAT